[Event "Usar Tolas 2nd"]
[Site "Lisbon"]
[Date "2004.04.06"]
[Round "3"]
[White "Marques, Mario"]
[Black "Costa, Alvaro"]
[Result "1-0"]
[WhiteElo "1801"]
[BlackElo "1801"]
[PlyCount "33"]
[EventDate "2004.03.23"]
[EventType "tourn"]
[EventRounds "6"]
[EventCountry "POR"]
[SourceTitle "EXT 2005"]
[Source "ChessBase"]
[SourceDate "2004.11.15"]
[SourceVersion "1"]
[SourceVersionDate "2004.11.15"]
[SourceQuality "1"]

1. e4 g6 2. d4 Bg7 3. Bc4 d6 4. c3 c6 5. Nf3 b5 6. Bb3 Nd7 7. 0-0 c5 8. dxc5 Nxc5 9. Bxf7+ Kf8 10. Bxg8 Kxg8 11. b4 Nb7 12. Bf4 Be6 13. Ng5 Bc4 14. Na3 d5 15. Nxc4 dxc4 16. Qf3 Qd3 17. Qg4 1-0

[Event "Usar Tolas 2nd"]
[Site "Lisbon"]
[Date "2004.??.??"]
[Round "7"]
[White "Costa, Alvaro"]
[Black "Silva, Antonio Augusto MC"]
[Result "0-1"]
[WhiteElo "1800"]
[BlackElo "2190"]
[PlyCount "42"]
[EventDate "2004.03.23"]
[EventType "tourn"]
[EventRounds "6"]
[EventCountry "POR"]
[SourceTitle "EXT 2005"]
[Source "ChessBase"]
[SourceDate "2004.11.15"]
[SourceVersion "1"]
[SourceVersionDate "2004.11.15"]
[SourceQuality "1"]

1. e4 Nc6 2. Nf3 d5 3. exd5 Qxd5 4. Nc3 Qa5 5. d4 Nf6 6. Bd2 Bg4 7. Be2 0-0-0 8. Nb5 Qb6 9. Ne5 Nxe5 10. dxe5 Ne4 11. Be3 Rxd1+ 12. Rxd1 Qa5+ 13. b4 Qxb4+ 14. c3 Qxb5 15. Bxb5 Bxd1 16. 0-0 Nxc3 17. Be8 Bh5 18. e6 Nd5 19. Bxa7 Nf6 20. Bxf7 Bxf7 21. exf7 b6 0-1

[Event "Usar Tolas 2nd"]
[Site "Lisbon"]
[Date "2004.??.??"]
[Round "9"]
[White "Costa, Alvaro"]
[Black "Silva, Firmino"]
[Result "0-1"]
[WhiteElo "1800"]
[BlackElo "2035"]
[PlyCount "98"]
[EventDate "2004.03.23"]
[EventType "tourn"]
[EventRounds "6"]
[EventCountry "POR"]
[SourceTitle "EXT 2005"]
[Source "ChessBase"]
[SourceDate "2004.11.15"]
[SourceVersion "1"]
[SourceVersionDate "2004.11.15"]
[SourceQuality "1"]

1. e4 c5 2. c3 Qa5 3. Nf3 Nc6 4. d4 cxd4 5. Nxd4 Nf6 6. Nxc6 bxc6 7. Bd3 g6 8. 0-0 Bg7 9. Na3 0-0 10. Nc4 Qc7 11. e5 Nd5 12. f4 Ba6 13. Rf3 Bxc4 14. Bxc4 Nb6 15. Bb3 d5 16. Qe2 e6 17. Be3 c5 18. Rh3 Rfd8 19. Qf2 Nd7 20. Qh4 Nf8 21. Kh1 d4 22. cxd4 cxd4 23. Rc1 Qb7 24. Bd2 Rdc8 25. Rd1 a5 26. a4 Qe4 27. Re1 Qc6 28. Bd1 Ra7 29. b3 Qd5 30. Be2 Rc2 31. Bc4 Rxc4 32. bxc4 Qxc4 33. Ra1 h5 34. Qe1 Qd5 35. Rb1 Nd7 36. Rb5 Qa2 37. Qd1 Bf8 38. Rxa5 Rc7 39. Rg3 Nc5 40. Be1 Ne4 41. Rd3 Rc2 42. Qf3 Re2 43. Qf1 Nf2+ 44. Bxf2 Rxf2 45. Qxf2 Qxf2 46. Rd1 d3 47. Rb5 d2 48. Rbb1 Ba3 49. Rf1 Bc1 0-1